| 000 | 00814nam a2200217 a 4500 | ||
|---|---|---|---|
| 001 | 000043468 | ||
| 005 | 20260429123223.0 | ||
| 008 | 140319s2013 dr 000 0 spa d | ||
| 040 |
_aDO-SdBNP _bspa _cBNPHU |
||
| 082 |
_a353.46 _bM935m |
||
| 245 | 1 | 0 |
_aMetodología del Observatorio Ciudadano a la Función Pública / _celaborado por Carlos Pimentel. |
| 260 |
_aSanto Domingo : _bParticipación Ciudadana, _c2013. |
||
| 300 |
_a30 p. ; _c22 cm. |
||
| 590 | _aInventariado, 2018/MFF | ||
| 650 | 4 |
_aFunción pública _xLegislación _zRepública Dominicana _971153 |
|
| 650 | 2 | 0 |
_aParticipación política _9456 |
| 651 | 4 |
_aRepública Dominicana _xAdministración Pública _9657 |
|
| 651 | 4 |
_aRepública Dominicana _xLey 41-08 _971154 |
|
| 700 | 1 |
_aPimentel, Carlos _954491 |
|
| 910 | _aValidado. Control de calidad EMS | ||
| 999 |
_c42957 _d42957 |
||